新幹線の駅名を含む在来線の駅 - Statistics

General Stats
  • This quiz has been taken 192 times
  • The average score is 59 of 200
Answer Stats
Hint Answer % Correct
東京都 上野広小路
79%
東京都 上野御徒町
70%
東京都 北品川
68%
静岡県 新静岡
65%
埼玉県 西大宮
62%
埼玉県 東大宮
62%
静岡県 東静岡
60%
宮城県 北仙台
59%
東京都 東京テレポート
59%
埼玉県 北大宮
58%
石川県 西金沢
57%
山形県 北山形
55%
愛知県 新豊橋
55%
福島県 南福島
55%
岡山県 東岡山
54%
宮城県 南仙台
54%
静岡県 新浜松
53%
宮城県 東仙台
53%
福島県 東福島
53%
長野県 北長野
52%
広島県 西広島
52%
石川県 東金沢
52%
愛知県 名鉄名古屋
52%
北海道 北広島
50%
福岡県 西小倉
50%
新潟県 東新潟
50%
群馬県 高崎問屋町
49%
栃木県 東武宇都宮
49%
群馬県 北高崎
48%
愛知県 近鉄名古屋
48%
神奈川県 北新横浜
47%
京都府 京都河原町
46%
山梨県 上野原
45%
富山駅 東富山
45%
兵庫県 東姫路
45%
富山県 南富山
45%
大阪府 河内長野
44%
福岡県 博多南
44%
熊本県 上熊本
43%
熊本県 北熊本
43%
東京都 京成上野
43%
東京都 品川シーサイド
43%
富山県 電鉄富山
43%
福井県 西敦賀
43%
富山県 西富山
43%
三重県 伊賀上野
42%
富山県 新富山口
41%
新潟県 新潟大学前
41%
広島県 東福山
41%
京都府 梅小路京都西
40%
埼玉県 大宮公園
40%
大阪府 新福島
40%
静岡県 三島広小路
40%
新潟県 北長岡
39%
青森県 本八戸
39%
奈良県 新大宮
38%
福井県 新福井
38%
東京都 東京国際クルーズターミナル
38%
熊本県 西熊本
38%
広島県 広島駅
38%
福井県 福井口
38%
群馬県 長野原草津口
36%
愛知県 名古屋大学
36%
静岡県 三島田町
36%
熊本県 南熊本
36%
岡山県 岡山駅前
35%
石川県 新西金沢
35%
東京都 東京ビッグサイト
35%
富山県 富山駅
35%
長野県 西上田
35%
福岡県 南小倉
35%
栃木県 宇都宮駅東口
34%
京都府 京都市役所前
34%
福島県 郡山富田
34%
愛知県 名古屋港
34%
群馬県 南高崎
34%
東京都 大岡山
33%
長野県 中軽井沢
33%
東京都 東長崎
33%
富山県 富山大学前
32%
兵庫県 西相生
32%
山形県 西米沢
31%
東京都 東久留米
31%
石川県 北鉄金沢
31%
鹿児島県 鹿児島中央駅前
30%
神奈川県 金沢八景
30%
神奈川県 金沢文庫
30%
岩手県 上盛岡
30%
滋賀県 北小松
30%
千葉県 東京ディズニーシー・ステーション
30%
千葉県 東京ディズニーランド・ステーション
30%
静岡県 西掛川
30%
広島県 広電西広島
30%
富山県 南富山駅前
30%
埼玉県 上熊谷
29%
兵庫県 山陽姫路
29%
愛知県 名古屋城
29%
愛媛県 伊予三島
28%
三重県 上野市
28%
静岡県 掛川市役所前
28%
京都府 長岡京
28%
東京都 浜松町
28%
山形県 南米沢
28%
東京都 落合南長崎
27%
熊本県 熊本駅前
27%
宮城県 仙台空港
27%
長崎県 西諫早
27%
宮城県 西古川
27%
長崎県 長崎駅前
26%
福岡県 西鉄久留米
26%
福井県 福井駅
26%
栃木県 南宇都宮
26%
山形県 南新庄
26%
奈良県 近鉄郡山
25%
福岡県 久留米大学前
25%
東京都 東村山
25%
福井県 福大前西福井
25%
静岡県 三島二日町
25%
京都府 四条大宮
24%
静岡県 駿河小山
24%
山形県 天童南
24%
岩手県 小山田
23%
長野県 北飯山
23%
秋田県 北大曲
23%
富山県 電鉄富山駅・エスタ前
23%
宮崎県 東高崎
23%
愛知県 東名古屋港
23%
広島県 広島港
23%
福井県 福井城址大名町
23%
京都府 京都精華大前
22%
京都府 長岡天神
22%
宮崎県 福島高松
22%
千葉県 南三原
22%
栃木県 宇都宮大学陽東キャンパス
21%
福岡県 久留米高校前
21%
福島県 磐梯熱海
21%
長崎県 東諫早
21%
大阪府 上野芝
20%
長崎県 長崎大学
20%
富山県 東新庄
20%
茨城県 常陸大宮
20%
福島県 福島学院前
20%
北海道 南久留米
20%
徳島県 南小松島
20%
三重県 伊勢上野
18%
山口県 清流新岩国
18%
京都府 茶山・京都芸術大学
18%
愛知県 徳重・名古屋芸大
18%
鹿児島県 西出水
18%
大阪府 上新庄
17%
鹿児島県 上川内
17%
長野県 木曽福島
17%
山形県 北大石田
17%
長崎県 本諫早
17%
奈良県 近鉄新庄
16%
富山県 新庄田中
16%
宮崎県 福島今町
16%
山形県 羽前長崎
15%
滋賀県 近江長岡
15%
徳島県 阿波大宮
14%
山梨県 甲斐上野
14%
大阪府 下新庄
14%
群馬県 高崎商科大学前
14%
愛知県 豊橋公園前
14%
東京都 モノレール浜松町
14%
富山県 龍谷富山高校前
14%
愛知県 相生山
13%
愛媛県 伊予小松
13%
長野県 上田原
13%
富山県 オークスカナルパークホテル富山前
13%
熊本県 熊本城・市役所前
13%
鳥取県 恋山形
13%
三重県 豊津上野
13%
大阪府 古川橋
13%
徳島県 阿波福井
12%
京都府 京丹後大宮
12%
秋田県 小松川
12%
山形県 羽前小松
11%
香川県 讃岐相生
11%
静岡県 駿河徳山
11%
宮崎県 高崎新田
11%
岐阜県 飛驒古川
11%
佐賀県 福島口
11%
奈良県 大和新庄
11%
静岡県 伊豆長岡
9%
秋田県 羽後長野
9%
福井県 越前大宮
9%
和歌山県 紀伊新庄
9%
高知県 土佐長岡
9%
広島県 福島町
9%
静岡県 遠州小松
8%
長崎県 諫早東高校
7%
熊本県 熊本高専前
7%
大阪府 和泉大宮
6%
岡山県 西大寺町・岡山芸術創造劇場ハレノワ前
6%
群馬県 上州福島
6%
大阪府 千林大宮
6%
富山県 トヨタモビリティ富山Gスクエア五福前(五福末広町)
6%
佐賀県 肥前長野
5%
福島県 会津長野
4%
No matching quizzes found
Score Distribution
Percent of People with Each Score
Percentile by Number Answered
Your Score History
You have not taken this quiz